| 000 | 00675nam a2200205 i 4500 | ||
|---|---|---|---|
| 001 | 91350 | ||
| 003 | ES-MaACL | ||
| 005 | 20231227062629.0 | ||
| 007 | t| | ||
| 008 | 050128s1933 it ||||1| spa d | ||
| 100 | 1 |
_aLevi, Ezio. _971948 |
|
| 245 | 1 | 0 |
_aMotivos hispánicos / _cEzio Levi ; prólogo de Ramón Menéndez Pidal. |
| 260 |
_aFlorencia : _bG.C. Sansoni, _c1933 ( _fEl Arte de la Estampa) |
||
| 300 |
_aVIII, 132 p., 4 lám. ; _c20 cm. |
||
| 490 | 1 |
_aBiblioteca hispano-italiana ; _v1 |
|
| 700 | 1 |
_aMenéndez Pidal, Ramón, _d1869-1968 _980315 |
|
| 830 | 0 |
_aBiblioteca hispano-italiana ; _v1 _9231980 |
|
| 852 |
_aES-MaACL _jB-13690 |
||
| 999 |
_c91350 _d91350 |
||